Синият вир (Запис номер 168128)
[ съкратено ]
| 000 -Лидер | |
|---|---|
| Контролно поле с фиксирана дължина | 01392nam a2200385 c 4500 |
| 003 - Код на организацията, давaща контролен номер | |
| Контролно поле | BLK |
| 005 - Дата и час на последна редакция | |
| Контролно поле | 20230622085548.0 |
| 008 - Елементи от данни с фиксирана дължина | |
| fixed length control field | 180411b bul|||||r ||||||| ||bul|| |
| 010 ## - Наследен системен номер | |
| LC control number | KNG00175998000 |
| 040 ## - Източник на каталожния запис | |
| Идентификатор на билиотеката - собственик на записа | BLK |
| 041 ## - Код за език | |
| Код за езика на текст/звукозапис или на отделно заглавие | Български |
| Код за езика КДБФ | Български |
| 072 #7 - Код за тематичната категория | |
| Код организация | bullib |
| Код за тематична категория | Я |
| Текст | Автографи |
| 072 #7 - Код за тематичната категория | |
| Код организация | bullib |
| Код за тематична категория | К |
| Текст | Краезнание |
| 080 ## - УДК | |
| Текстов определител УДК | Българска литература |
| УДК код - определител по УДК | 821.163.2 |
| УДК определител | -32 |
| УДК - код + определител | 821.163.2-32 |
| 100 1# - Редна дума - Автор | |
| Автор | Дашков, Тодор Христов |
| Дати, свързани с автора | 1890-1965 |
| R(LIN) | 382461 |
| 139 ## - Редно поле | |
| Редна дума | Дашков, Тодор Христов |
| Авторски знак | Дач - Д 25 |
| 245 10 - Сведения за заглавието | |
| Заглавие | Синият вир |
| Подзаглавни данни | Разкази |
| Редно поле (дума) | Тодор Христов Дашков. |
| 257 ## - Страна на издаване | |
| Страна на създаване/издаване | България |
| 260 ## - Област на издателските данни | |
| Име на издателя, разпространителя и проч. | Светлоструй |
| Година на издаване | 1935 |
| Печатница | Русе : Дунав |
| Място на издаване, разпространение и проч. | Русе |
| 300 ## - Физическа характеристика | |
| Страници | 171 с. |
| Размери/Мащаб | 18 см |
| 380 ## - Жанр | |
| Жанр | Худож. лит. |
| 659 ## - Тематичен бюлетин | |
| Тематичен бюлетин | К |
| 659 ## - Тематичен бюлетин | |
| Тематичен бюлетин | Я |
| 852 ## - Местоположение | |
| Форматна сигнатура | Цб 8. 175.4591 |
| Фондова буква | Основен фонд - ползва се само за читалня |
| 852 ## - Местоположение | |
| Форматна сигнатура | К 821.163.2-32/Д 25 Т |
| Фондова буква | Краезнание |
| 852 ## - Местоположение | |
| Форматна сигнатура | Цб І 40250 |
| Фондова буква | Основен фонд - ползва се само за читалня |
| 856 4# - Електронен адрес и достъп | |
| Електронен формат | pdf - файл |
| Инструкция (цена за достъп) | 0.00 |
| Права за достъп | Достъп само през служебен интерфейс |
| Име на файл | Синият вир |
| Път до файла /url/ | http://185.138.176.146:18082/cgi-bin/koha/opac-retrieve-file.pl?id=08e678d3559ea4c5105afa514b6625d1 |
| Допълнителна информация (Корица, съдържание, пълен текст, звуков файл, HTML файл) | Електронна книга |
| Информация за съдържанието | Синият вир |
| 942 ## - АРТИКУЛИ | |
| Вид на библиотечния материал | Книги |
| Скрит в OPAC | Не |
| Периодичен библиозапис | Да |
| 944 ## - СЪЗДАВАНЕ И РЕДАКЦИЯ на ЗАПИСА | |
| Създаване/Редакция | Създаване |
| Дата на регистрацията/редакция | 29.05.2015 |
| Служител, извършил регистрацията/редакцията | Валентина_Караджова |
| 944 ## - СЪЗДАВАНЕ И РЕДАКЦИЯ на ЗАПИСА | |
| Създаване/Редакция | Редакция |
| Дата на регистрацията/редакция | 16.06.2015 |
| Служител, извършил регистрацията/редакцията | Валя_Йорданова |
| 999 ## - СИСТЕМНИ КОНТРОЛНИ НОМЕРА | |
| Koha biblionumber | 168128 |
| Koha biblioitemnumber | 168128 |
| 999 ## - СИСТЕМНИ КОНТРОЛНИ НОМЕРА | |
| Koha biblioitemnumber | 168128 |
| 999 ## - СИСТЕМНИ КОНТРОЛНИ НОМЕРА | |
| Koha biblioitemnumber | 168128 |
| 999 ## - СИСТЕМНИ КОНТРОЛНИ НОМЕРА | |
| Koha biblioitemnumber | 168128 |
| 999 ## - СИСТЕМНИ КОНТРОЛНИ НОМЕРА | |
| Koha biblioitemnumber | 168128 |
| Код за отписване | Код за изгубен артикул | Източник на класификационната схема | Код за повреда | Коз за рестрикции | Код за отдаване | Артикулен № | Име на библиотеката - собственик | Име на библиотеката, в която се намира в момента | Статус (Текущо местоположение) | Дата на вписване в системата | Местоположение - отдел | Цена в лева | Номерация (Хронология) | Инвентарен номер | Систематично азбучна сигнатура | Баркод | Номер на екземпляра | Цена в евро | Служебна бележка | Служебен тип на артикула |
|---|---|---|---|---|---|---|---|---|---|---|---|---|---|---|---|---|---|---|---|---|
| Не е изгубен | Universal Decimal Classification | Не е повреден | без рестрикции | ползва се в читалня | 283648 | Регионална библиотека "Любен Каравелов" Русе | Регионална библиотека "Любен Каравелов" Русе | Краезнание | 1935-01-01 | Краезнание | 0.25 | Автограф: Тодор Дашков | 8133/65 | К 821.163.2/Д 25 Т | 900000003364 | 1 | 0.13 | N: Сф Дата: 01.01.1935 Дата инв: 07.11.2017 Бележки инв: К2017 | Книги | |
| Не е изгубен | Universal Decimal Classification | Не е повреден | без рестрикции | ползва се в читалня | 283649 | Регионална библиотека "Любен Каравелов" Русе | Регионална библиотека "Любен Каравелов" Русе | Хранилище | 1935-01-01 | Основен фонд - ползва се само за читалня | 0.14 | 4591 | Цб 8. 175.4591 | 900000046906 | 2 | 0.07 | N: Сф Дата: 01.01.1935 | Книги | ||
| Не е изгубен | Universal Decimal Classification | Не е повреден | без рестрикции | ползва се в читалня | 283650 | Регионална библиотека "Любен Каравелов" Русе | Регионална библиотека "Любен Каравелов" Русе | Хранилище | 1935-01-01 | Основен фонд - ползва се само за читалня | 0.40 | 526448 | Цб І 40250 | 120000526448 | 3 | 0.20 | N: Сф Дата: 01.01.1935 | Книги |